<?xml version="1.0" encoding="UTF-8"?>
<collection xmlns="http://www.loc.gov/MARC21/slim">
 <record>
  <leader>     na                 </leader>
  <controlfield tag="001">INLIS000000000010531</controlfield>
  <controlfield tag="005">20221108113455</controlfield>
  <datafield tag="035" ind1=" " ind2=" ">
   <subfield code="a">0010-0522000067</subfield>
  </datafield>
  <datafield tag="020" ind1=" " ind2=" ">
   <subfield code="a">978-602-540-06-6</subfield>
  </datafield>
  <datafield tag="100" ind1="1" ind2=" ">
   <subfield code="a">Sulaiman, Andi Arman</subfield>
  </datafield>
  <datafield tag="245" ind1="1" ind2=" ">
   <subfield code="a">Membangun Lumbung Pangan di Perbatasan :</subfield>
   <subfield code="b">Sinegritas Merintis Ekspor Pangan di Wilayah Perbatasan NKRI /</subfield>
   <subfield code="c">Sekretariat Jenderal Kementerian Pertanian</subfield>
  </datafield>
  <datafield tag="260" ind1=" " ind2=" ">
   <subfield code="a">Jakarta :</subfield>
   <subfield code="b">Sekretariat Jenderal Kementerian Pertanian,</subfield>
   <subfield code="c">2017</subfield>
  </datafield>
  <datafield tag="300" ind1=" " ind2=" ">
   <subfield code="a">xxii, 114p. :</subfield>
   <subfield code="b">ill. ;</subfield>
   <subfield code="c">23 cm</subfield>
  </datafield>
  <datafield tag="650" ind1=" " ind2="4">
   <subfield code="a">Ketahanan Pangan</subfield>
  </datafield>
  <datafield tag="650" ind1=" " ind2="4">
   <subfield code="a">Kebijakan Pangan</subfield>
  </datafield>
  <datafield tag="650" ind1=" " ind2="4">
   <subfield code="a">Pembangunan Wilayah Perbatasan</subfield>
  </datafield>
  <datafield tag="700" ind1="0" ind2=" ">
   <subfield code="a">Irsal Las</subfield>
  </datafield>
  <datafield tag="700" ind1="0" ind2=" ">
   <subfield code="a">Deciyanto Soetopo</subfield>
  </datafield>
  <datafield tag="700" ind1="0" ind2=" ">
   <subfield code="a">Ismeth Inounu</subfield>
  </datafield>
  <datafield tag="700" ind1="0" ind2=" ">
   <subfield code="a">Budi Indra Setiawan</subfield>
  </datafield>
  <datafield tag="700" ind1="0" ind2=" ">
   <subfield code="a">Kasdi Subagyono</subfield>
  </datafield>
  <datafield tag="700" ind1="0" ind2=" ">
   <subfield code="a">Hermanto</subfield>
  </datafield>
  <datafield tag="700" ind1="0" ind2=" ">
   <subfield code="a">Trip Alamsyah</subfield>
  </datafield>
  <datafield tag="700" ind1="0" ind2=" ">
   <subfield code="a">Syamsir Torang</subfield>
  </datafield>
  <datafield tag="700" ind1="0" ind2=" ">
   <subfield code="a">Erna Suryani</subfield>
  </datafield>
  <datafield tag="700" ind1="0" ind2=" ">
   <subfield code="a">Hoerudin</subfield>
  </datafield>
  <datafield tag="700" ind1="0" ind2=" ">
   <subfield code="a">Sam Herodian</subfield>
  </datafield>
  <datafield tag="700" ind1="0" ind2=" ">
   <subfield code="a">Farid Bahar</subfield>
  </datafield>
  <datafield tag="700" ind1="0" ind2=" ">
   <subfield code="a">Baran Wirawan</subfield>
  </datafield>
  <controlfield tag="008">221108                g          0 ind  </controlfield>
  <datafield tag="856" ind1=" " ind2=" ">
   <subfield code="a">Perpustakaan PSEKP</subfield>
  </datafield>
  <datafield tag="082" ind1=" " ind2=" ">
   <subfield code="a">338.439.542</subfield>
  </datafield>
  <datafield tag="084" ind1=" " ind2=" ">
   <subfield code="a">338.439.542 SUL m</subfield>
  </datafield>
  <datafield tag="504" ind1=" " ind2=" ">
   <subfield code="a">Wilayah perbatasan merupakan bagian integral dan menjadi &quot;beranda terdepan&quot; Negara Kesatuan Republik Indonesia (NKRI). Kawasan ini berperan penting dan strategis dari perspektif pertahanan keamanan maupun ekonomi, sosial, dan budaya. Masing-masing kawasan perbatasan memiliki karakteristik yang berbeda antara satu dengan yang lain. Secara umum, wilayah perbatasan Indonesia relatif tertinggal dari wilayah lain. Selain faktor geografis, hal ini juga disebabkan oleh keterbatasan infrastruktur pendukung, khususnya dari aspek sosial ekonomi masyarakat. Arah kebijakan pembangunan wilayah perbatasan selama ini cenderung inward looking sehingga seolah hanya menjadi bagian kecil dari suatu negara. Akibatnya, wilayah perbatasan seakan tidak mendapat prioritas dalam pembangunan, terutama karena lokasinya yang terpencil dengan aksesibilitas dan jumlah penduduk yang terbatas.</subfield>
  </datafield>
  <datafield tag="520" ind1=" " ind2=" ">
   <subfield code="a">Bibliografi p.107</subfield>
  </datafield>
  <datafield tag="990" ind1=" " ind2=" ">
   <subfield code="a">1283/PSEKP/2024</subfield>
  </datafield>
  <datafield tag="990" ind1=" " ind2=" ">
   <subfield code="a">714/PSEKP/2022</subfield>
  </datafield>
  <datafield tag="990" ind1=" " ind2=" ">
   <subfield code="a">1198/PSEKP/2024</subfield>
  </datafield>
  <datafield tag="990" ind1=" " ind2=" ">
   <subfield code="a">1199/PSEKP/2024</subfield>
  </datafield>
  <datafield tag="990" ind1=" " ind2=" ">
   <subfield code="a">1284/PSEKP/2024</subfield>
  </datafield>
 </record>
</collection>
